| 000 | 01538nam a2200265Ia 4500 | ||
|---|---|---|---|
| 999 |
_c55603 _d55603 |
||
| 001 | 22698 | ||
| 003 | GE_BSU | ||
| 005 | 20230421160631.0 | ||
| 008 | 181216s||||||||xx |||||||||||||| ||und|| | ||
| 040 | _cGE_BSU | ||
| 041 | _ageo | ||
| 080 | _a631(479.22)+334.732(479.22) ქ-43 | ||
| 100 |
_aქეშელაშვილი, ომარ _917733 |
||
| 245 |
_aსაქართველოს სოფლის მეურნეობის განვითარების პროგნოზი / _cომარ ქეშელაშვილი, პაატა კოღუაშვილი ; სამეცნიერო რედაქტორი თ. კუნჭულია. |
||
| 264 |
_aთბილისი : _bსაარი, _c2017. |
||
| 300 |
_a60 გვ. ; _c20 სმ. _eცხრ. |
||
| 541 | _h5ლ. | ||
| 653 | _aკოოპერატიული საწარმოები საქართველოში | ||
| 653 | _aსაქართველოს სოფლის მეურნეობის განვითარების პროგნოზი | ||
| 653 | _aსოფლის მეურნეობა | ||
| 653 | _aსოფლის მეურნეობის განვითარება საქართველოში | ||
| 700 |
_aკოღუაშვილი, პაატა _eავტორი _917734 |
||
| 700 |
_aკუნჭულია, თ. _eსამეცნიერო რექტორი _97282 |
||
| 942 |
_cBK _2udc |
||